000 00320nam a22001457a 4500
008 210302b ||||| |||| 00| 0 eng d
020 _a2900205648350
041 _aeng
080 _23rd
_a070
082 _a070
100 _a39
101 _aMED
245 _aPublic Speaking Handbook
_cBeebe, S. A
942 _2udc
_cBK
999 _c55438
_d55438